[Event "Toronto Dutton CC ch"]
[Site "Toronto"]
[Date "2002.06.12"]
[Round "4"]
[White "Lucki, Arnie"]
[Black "Hier, David"]
[Result "1-0"]
[WhiteElo "2500"]
[BlackElo "2500"]
[PlyCount "81"]
[EventDate "2002.05.22"]
[EventType "swiss"]
[EventRounds "6"]
[EventCountry "CAN"]
[SourceTitle "EXT 2022"]
[Source "ChessBase"]
[SourceDate "2021.10.06"]
[SourceVersion "1"]
[SourceVersionDate "2021.10.06"]
[SourceQuality "1"]

1. d4 Nf6 2. Nf3 e6 3. g3 d5 4. Bg2 Bd6 5. 0-0 0-0 6. b3 c5 7. dxc5 Bxc5 8. Bb2 Nc6 9. Nc3 Bd7 10. Na4 Be7 11. Qc1 Rc8 12. Qe3 Nb4 13. Qxa7 Bxa4 14. Qxa4 Rxc2 15. Bxf6 gxf6 16. Nd4 Rc8 17. Qb5 Ra8 18. a3 Na6 19. b4 Rb8 20. Rfc1 Nc7 21. Qd3 e5 22. Nf5 e4 23. Qd2 Ne6 24. Qh6 Re8 25. Qh5 Bf8 26. Rd1 Nc7 27. Rac1 Re5 28. f3 Ne8 29. Qg4+ Ng7 30. Nh6+ Kh8 31. Nxf7+ Kg8 32. Nxd8 Rxd8 33. f4 Rh5 34. Rc7 Rh6 35. Bxe4 dxe4 36. Rxd8 Rg6 37. Rxf8+ Kxf8 38. Qc8+ Ne8 39. Rxh7 Rg8 40. Qc5+ Nd6 41. Qxd6+ 1-0